| 000 | | | 03779cbm0a2200265#x 450 |
| 001 | | | 257743ec-5397-48a6-a7b2-55e9f51e082e |
| 005 | | | 20221222143044.0 |
| 100 | ## | $a | 20221222j19421107k###0rusy50 ca |
| 101 | 2# | $a | rus |
| 102 | ## | $a | RU |
| 105 | ## | $a | y###z######## |
| 122 | 0# | $a | d19421107## |
| 200 | 1# | $a | Последнее письмо политрука 4-й роты 2-го батальона 1075-го стрелкового полка 316-й стрелковой дивизии 16-й армии Западного фронта В. Г. Клочкова родным |
| | $j | 7 ноября 1942 г. |
| 251 | ## | $c | Документ |
| 300 | ## | $a | Подлинник |
| 461 | #0 | $1 | 2001 |
| | $a | Ф. М-7 |
| | $1 | 251 |
| | $c | Фонд |
| | $1 | 852 |
| | $j | М-7 |
| 462 | #0 | $1 | 2001 |
| | $a | Оп. 2 |
| | $1 | 251 |
| | $c | Опись |
| | $1 | 852 |
| | $j | 2 |
| 462 | #0 | $1 | 2001 |
| | $a | Д. 578 |
| | $v | Л. 23-24об. |
| | $1 | 251 |
| | $c | Дело |
| | $1 | 852 |
| | $j | 578 |
| 605 | ## | $2 | prlib_sh |
| | $3 | LIBNET\UAF\0000088514 |
| | $a | Вторая мировая война в архивных документах (Комплекс оцифрованных архивных документов, кино- и фотоматериалов) |
| | $l | коллекция |
| 686 | ## | $a | 63.3(2)622,11ю11 |
| | $v | LBC/M |
| | $2 | rubbk |
| 801 | #0 | $a | RU |
| | $b | ПБ им. Б.Н. Ельцина |
| | $c | 20221222 |
| 801 | #1 | $a | RU |
| | $b | ПБ им. Б.Н. Ельцина |
| | $c | 20221222 |
| | $2 | rusmarc |
| 801 | #2 | $a | RU |
| | $b | ПБ им. Б.Н. Ельцина |
| | $c | 20221222 |
| | $2 | rusmarc |
| 850 | ## | $a | Российский государственный архив социально-политической истории |
| 852 | ## | $a | РГАСПИ |
| | $j | Л. 23-24об. |
| 035 | ## | $a | LIBNET\0001298547 |
| 937 | ## | $d | 181677565 |
| | $h | Федеральное архивное агентство |
| 856 | 4# | $u | http://readingroom.main.prlib.ru/item.aspx?id_node=n181677565&mode=full |